Statistics for Recognize Countries by Tripoint Maps #2

Click here to take the quiz!

General Stats

  • This quiz has been taken 1,167 times
  • The average score is 21 of 27

Answer Stats

Hint Answer % Correct
China
97%
India
97%
Nepal
97%
Sweden
96%
Norway
96%
Finland
96%
Germany
89%
Switzerland
89%
France
89%
Ethiopia
85%
Eritrea
85%
Sudan
84%
Turkey
79%
Algeria
79%
Libya
79%
Greece
79%
Bulgaria
78%
Tunisia
78%
Argentina
69%
Brazil
69%
Uruguay
68%
Romania
65%
Ukraine
64%
Moldova
64%
Nigeria
59%
Chad
57%
Cameroon
56%

Score Distribution

Percentile by Number Answered

Percent of People with Each Score

Your Score History

You have not taken this quiz